Trust no one / James Rollins.
Available copies
- 3 of 3 copies available at LARL/NWRL Consortium.
- 2 of 2 copies available at Lake Agassiz Regional Library. (Show preferred library)
Current holds
0 current holds with 3 total copies.
View other formats and editions
Show All Copies
| Location | Call Number / Copy Notes | Barcode | Shelving Location | Status | Due Date |
|---|---|---|---|---|---|
| Ada Public Library | CD TALKING BOOK ROL (Text) | 33500014342224 | Main | Available | - |
| Fertile Public Library | CD TALKING BOOK ROL (Text) | 33500014346209 | Main | Available | - |
| Warroad Public Library | BOOK-ON-CD ROL (Text) | 35500006397903 | New | Available | - |
Record details
- ISBN: 9798228690684
- ISBN: 9798228690691
- Physical Description: 9 audio discs (11 hr., 16 min.) : CD audio, ... Read More
- Edition: Unabridged.
- Publisher: [New York] : HarperCollins, [2026]
Content descriptions
| General Note: | Compact discs. Includes bonus PDF. |
| Participant or Performer Note: | Read by Simon Vance. |
| Summary, etc.: | Following the ritualistic murder of a British ... Read More |
Search for related items by subject
| Genre: | Audiobooks. Thrillers (Fiction) Suspense fiction. |
| LDR | 02283cim a22005417i 4500 | ||
|---|---|---|---|
| 001 | 481940 | ||
| 003 | LARL_NWRL_CONSORTIUM | ||
| 005 | 20260305214509.0 | ||
| 008 | 260217s2026 nyunnnne f n eng d | ||
| 007 | sd fsngnnmmned | ||
| 040 | . | ‡aBLACP ‡beng ‡erda ‡cBLACP ‡dBLACP | |
| 020 | . | ‡a9798228690684 ‡q(sound recording ; ‡qBlackstone Library CD) | |
| 020 | . | ‡a9798228690691 ‡q(sound recording ; ‡qBlackstone Retail CD) | |
| 035 | . | ‡a(OCoLC)1573631614 | |
| 037 | . | ‡aZPpu48 ‡bBlackstone Publishing | |
| 037 | . | ‡aZEpu48 ‡bBlackstone Publishing | |
| 082 | 0 | 4. | ‡a813/.54 ‡223 |
| 100 | 1 | . | ‡aRollins, James, ‡d1961- ‡eauthor. ‡1https://id.oclc.org/worldcat/entity/E39PBJymGkdpFJRrQbHq8f4cyd ‡0(LARL_NWRL_CONSORTIUM)146173 |
| 245 | 1 | 0. | ‡aTrust no one / ‡cJames Rollins. |
| 250 | . | ‡aUnabridged. | |
| 264 | 1. | ‡a[New York] : ‡bHarperCollins, ‡c[2026] | |
| 300 | . | ‡a9 audio discs (11 hr., 16 min.) : ‡bCD audio, digital ; ‡c4 3/4 in. + ‡e1 computer disc (PDF ; 4 3/4 in.) | |
| 336 | . | ‡aspoken word ‡bspw ‡2rdacontent | |
| 337 | . | ‡aaudio ‡bs ‡2rdamedia | |
| 338 | . | ‡aaudio disc ‡bsd ‡2rdacarrier | |
| 344 | . | ‡adigital ‡2rdatr | |
| 344 | . | ‡boptical ‡2rdarm | |
| 347 | . | ‡aaudio file ‡2rdaft | |
| 347 | . | ‡bCD audio | |
| 500 | . | ‡aCompact discs. | |
| 500 | . | ‡aIncludes bonus PDF. | |
| 511 | 0 | . | ‡aRead by Simon Vance. |
| 520 | . | ‡aFollowing the ritualistic murder of a British professor at the University of Exeter, American student Sharyn Karr and her friends are thrust into a treacherous hunt across Europe to unlock the secrets buried within the encrypted diary of an eighteenth-century mystic and occultist, the Comte de Saint-Germain. | |
| 650 | 0. | ‡aCollege students ‡vFiction. ‡0(LARL_NWRL_CONSORTIUM)164244 | |
| 650 | 0. | ‡aMurder ‡vFiction. ‡0(LARL_NWRL_CONSORTIUM)165989 | |
| 650 | 0. | ‡aCollege teachers ‡xCrimes against ‡vFiction. | |
| 650 | 0. | ‡aDiaries ‡vFiction. ‡0(LARL_NWRL_CONSORTIUM)168979 | |
| 650 | 0. | ‡aCode and cipher stories. ‡0(LARL_NWRL_CONSORTIUM)17073 | |
| 650 | 7. | ‡aFICTION / Thrillers / Suspense. ‡2bisacsh | |
| 650 | 7. | ‡aFICTION / Action & Adventure. ‡2bisacsh | |
| 650 | 7. | ‡aFICTION / Thrillers / Military. ‡2bisacsh | |
| 655 | 7. | ‡aAudiobooks. ‡2lcgft ‡0(LARL_NWRL_CONSORTIUM)175801 | |
| 655 | 7. | ‡aThrillers (Fiction) ‡2lcgft | |
| 655 | 7. | ‡aSuspense fiction. ‡2gsafd | |
| 700 | 1 | . | ‡aVance, Simon, ‡enarrator. ‡0(LARL_NWRL_CONSORTIUM)209102 |
| 901 | . | ‡a481940 ‡bAUTOGEN ‡c481940 ‡tbiblio | |

Add to basket
Permalink
Enable Highlighting